000 00719cam a2200181 4500
001 X101142
008 000000n1999 000 0 eng u
035 _a(Sirsi) u101142
245 _aJohn Popley and Michael Ellis Harris v HM Customs & Excise
260 _c1999
490 _aNew Property Cases
_v [1999] NPC 118
520 _aPolice and Criminal Evidence Act 1984. Powers of Officers of Customs & Excise to seize documents legally privileged. Judicial review of decision of C & E to search and seize materials from the second applicant's premises. Taken from Headnote. DO NOT PHOTOCOPY.
650 _aPRIVILEGE
650 _aCRIMINAL LAW
650 _aVALUE ADDED TAX
690 _aLAW-CASE LAW
942 _n0
999 _c60339
_d60339